| 000 | 00605cam a2200205 4500 | ||
|---|---|---|---|
| 001 | D4107 | ||
| 008 | 090401t1985 xxu||||| |||| 00| 0 eng d | ||
| 035 | _a(Sirsi) u76555 | ||
| 041 | _aeng | ||
| 050 | _a333.33 | ||
| 100 | _aGoodchild, Robin | ||
| 245 | _aDevelopment and the landowner: an analysis of the British experience | ||
| 260 |
_aLondon _bGeorge Allen & Unwin _c1985 |
||
| 300 | _axiv. 210p. 24cm | ||
| 350 | _a20 | ||
| 520 | _aIncludes a chapter on Landowners and the development of land in the metropolitan green belt | ||
| 700 | _aMunton, Richard | ||
| 942 | _n0 | ||
| 948 | _c04/03/1997 | ||
| 999 |
_c96206 _d96206 |
||